000 00442nam a2200145Ia 4500
003 OSt
005 20260127114847.0
008 211028s2017 xx 000 0 und d
040 _cAIMIT LIBRARY
041 _aeng
100 _aKiran l, Ravi; Godwin, Benny.
_g1516119
_97694
245 _aStudy on factors influencing distribution channel of Nandini milk products by Bamul /
260 _aMangalore
_bRavi Kudtarkar.
_c2017
942 _2ddc
_cPRO
999 _c219262
_d219262